Automobil v podnikaní - daňové výdavky v roku 2015

Daňová uznateľnosť výdavkov súvisiacich s obstaraním a prevádzkou motorového vozidla. Daňové odpisovanie motorového vozidla. Motorové vozidlo obstarané formou finančného a operatívneho prenájmu.

Enregistré dans:
Détails bibliographiques
Auteur principal: Gášpárová, Eva
Format: Chapitre de livre
Langue:slovaque
Sujets:
Tags: Ajouter un tag
Pas de tags, Soyez le premier à ajouter un tag!

MARC

LEADER 00000naa a2200000 4500
001 0199749
005 20231114112421.2
041 0 |a slo 
044 |a SK 
245 1 0 |a Automobil v podnikaní - daňové výdavky v roku 2015  |c Eva Gášpárová 
520 |a Daňová uznateľnosť výdavkov súvisiacich s obstaraním a prevádzkou motorového vozidla. Daňové odpisovanie motorového vozidla. Motorové vozidlo obstarané formou finančného a operatívneho prenájmu. 
610 2 0 |a automobily 
610 2 0 |a automobily osobné 
610 2 0 |a výdavky daňové 
610 2 0 |a odpisy daňové 
610 2 0 |a podnikanie 
100 1 |a Gášpárová, Eva